000 00774nam a2200253 i 4500
003 DO-SdBNP
005 20230926104228.0
007 ta
008 140217s2003 dr 000 0 spa d
040 _aDO-SdBNP
_bspa
_cBNPHU
_erda
082 _bR426
_222
110 _aRepública Dominicana
_9447
240 1 0 _a[leyes,etc.]
245 1 0 _aLey No. 137-03 :
_bsobre tráfico ilícito de migrantes y trata de personas /
264 1 _aSanto Domingo :
_b[editor no identificado],
_c2003.
300 _a12 páginas
_c21 cm.
336 _2rdacontent
_atexto
_btxt
337 _2rdamedia
_asin mediación
_bn
338 _2rdacarrier
_avolumen
_bnc
500 _aPromulgada el 7 de agosto del 2003.
590 _aInventariado, 2023/ YL
910 _aYLockward
942 _2ddc
_cLF2
999 _c54940
_d54940